Normal view MARC view

Entry Título uniforme

Number of records used in: 1

001 - NÚMERO DE CONTROL

  • campo de control: 22344

003 - IDENTIFICADOR DEL NÚMERO DE CONTROL

  • campo de control: FranzMayer

005 - FECHA Y HORA DE LA ÚLTIMA TRANSACCIÓN

  • campo de control: 20190320210504.0

008 - DATOS DE LONGITUD FIJA

  • campo de control de longitud fija: 190320|| aca||aabn | a|a d

040 ## - FUENTE DE LA CATALOGACIÓN

  • Centro catalogador/agencia de origen: FranzMayer
  • Centro/agencia transcriptor: FranzMayer

130 ## - ENCABEZAMIENTO--TÍTULO UNIFORME

  • Título uniforme: Biblia
  • Nombre de parte o sección de la obra: Antiguo testamento
  • Subdivisión de forma: Comentarios

670 ## - FUENTE DE DATOS ENCONTRADOS

  • Cita de la fuente: Work cat.: (FranzMayer): Mendoza, Francisco de (S.I.) 1572 - 1626 22343, Francisci de Mendoc?a Olysiponensis, e´ Societate Iesv doctoris theologi, in Eborensi academia quondam sacrarum literarum interpretis, Commentariorum in IV. libros regvm Tomus tertius, Indicibus necessariis illustratus, 1633